000 00230 a2200097 4500
001 35913
100 _aAllan D M
245 _aComputer Science and Statistics
260 _aAmsterdam
_bNorth Holland
_c1986
090 _c23463
_d23463
942 _aNUST-CAE
_cM
_c14962
999 _c270986
_d270986